CEJM - Notions de 1ère année - Statistiques

Statistiques générales
  • Ce quiz a été pris 165 fois
    164 depuis la dernière actualisation
  • Le résultat moyen est 9 sur 51
Statistiques - réponses
Hint Réponse % Correct
Finalités de l'entreprise : économique
85%
sociétale
80%
sociale
75%
Facteurs de production : facteur travail
51%
Les finalités sont la _______ _'____ de l'entreprise. raison d’être
49%
Sujets négociés obligatoirement tous les ans en entreprise : la rémunération
43%
Leviers de motivation : rémunération
42%
facteur capital
41%
asymétrie d'information
34%
Atteindre un objectif en minimisant les couts et ressources : efficience
34%
Atteindre un objectif rapidement : efficacité
32%
Taux de chômage
31%
Production
29%
Commercialisation
21%
barrières à l'entrée
19%
4 paramètres du carré magique de Kaldor : PIB
19%
Développement technologique
18%
facteur connaissance
18%
Services
18%
facteur naturel
17%
Taux d'inflation
17%
Approvisionnements
16%
Dysfonctionnements de marché : externalités
14%
Activités de soutien : Gestion des ressources humaines
14%
le temps de travail
12%
épargne salariale
9%
gestion des carrières
9%
Balance import/export
7%
stabilité
6%
Sujet négocié tous les 3 ans dans les entreprises de plus de 300 salariés : la GPEC / Gestion Prévisionnelle des Emplois et des Compétences
5%
Clauses spécifiques des contrats sur plateformes numériques : confidentialité
4%
Logistique externe
4%
Activités de base / principales : Logistique interne
4%
collecte de données et utilisation des données
3%
Infrastructures
3%
retard d'exécution
3%
la qualité de travail
2%
mauvaise exécution
2%
aménagements de travail
1%
Conditions de validité d'une preuve : but légitime
1%
caractère déterminant de l'information
1%
Obligation précontractuelle d'information : connaissance du débiteur
1%
droits d'auteur
1%
ignorance du créancier
1%
indexation
1%
Formes d'inexécution d'un contrat : inexécution partielle ou totale
1%
l'égalité homme - femme
1%
moyen adéquat
1%
moyen nécessaire
1%
produit défectueux
1%
réversibilité
1%
Aucun quiz correspondant
Distribution des résultats
% des personnes avec chaque résultat
Percentile par nombre de réponses
Votre historique - résultats
Vous n’avez pas pris ce quiz depuis la dernière actualisation